'O'-Less European Countries Quiz Stats

 Plays Quiz Updated Jun 22, 2018

Challenge
Share
Tweet
Embed
Score 0/29 Timer 04:00
0 Plays Today
Country % Correct
Spain
95.5%
France
95.2%
Germany
94.3%
Sweden
93.1%
Italy
92.9%
Finland
88.9%
Greece
88.1%
Ireland
87.3%
Russia
85%
Denmark
83.1%
Belgium
81.8%
Switzerland
81.5%
Austria
80.8%
Netherlands
80.2%
Turkey
79.8%
Country % Correct
Latvia
78.8%
Iceland
76.1%
Hungary
76.1%
Czechia
75.7%
Lithuania
75.6%
Vatican City
71.3%
Ukraine
70.9%
Cyprus
68.8%
Liechtenstein
68%
Serbia
67.5%
Malta
67.2%
Belarus
66.1%
Bulgaria
66.1%
Albania
63.3%

You're not logged in!

Compare scores with friends on all Sporcle quizzes.
OR
Log In

You Might Also Like...

Show Comments

Extras

Top Quizzes Today


Score Distribution

Your Account Isn't Verified!

In order to create a playlist on Sporcle, you need to verify the email address you used during registration. Go to your Sporcle Settings to finish the process.

Report this User

Report this user for behavior that violates our Community Guidelines.

Details: